Information System Control and Audit (Record no. 350485)

000 -LEADER
fixed length control field 00518nam a22002057a 4500
003 - CONTROL NUMBER IDENTIFIER
control field OSt
005 - DATE AND TIME OF LATEST TRANSACTION
control field 20180116183018.0
008 - FIXED-LENGTH DATA ELEMENTS--GENERAL INFORMATION
fixed length control field 151027b xxu||||| |||| 00| 0 eng d
020 ## - INTERNATIONAL STANDARD BOOK NUMBER
International Standard Book Number 9798131704720
040 ## - CATALOGING SOURCE
Transcribing agency 0
082 ## - DEWEY DECIMAL CLASSIFICATION NUMBER
Classification number 658.4038 WEB 2006
100 ## - MAIN ENTRY--PERSONAL NAME
Personal name Ron Weber
245 ## - TITLE STATEMENT
Title Information System Control and Audit
Statement of responsibility, etc. Ron Weber
260 ## - PUBLICATION, DISTRIBUTION, ETC.
Place of publication, distribution, etc. India
Name of publisher, distributor, etc. Pearson
Date of publication, distribution, etc. 2006
300 ## - PHYSICAL DESCRIPTION
Extent 1051
Other physical details PB
440 ## - SERIES STATEMENT/ADDED ENTRY--TITLE
Title Information System Control and Audit
600 ## - SUBJECT ADDED ENTRY--PERSONAL NAME
Personal name Ron Weber
700 ## - ADDED ENTRY--PERSONAL NAME
Personal name Ron Weber
942 ## - ADDED ENTRY ELEMENTS (KOHA)
Source of classification or shelving scheme
Koha item type Book
Holdings
Withdrawn status Lost status Source of classification or shelving scheme Damaged status Not for loan Collection code Permanent Location Current Location Shelving location Date acquired Total Checkouts Full call number Barcode Date last seen Price effective from Koha item type
            Central Library (CL) Central Library (CL) General Stacks 10/27/2015   658.4038 WEB 2006 NBS9510 10/27/2015 10/27/2015 Book
© 2023 Central Library, National University of Sciences and Technology. All Rights Reserved.